000 00861nam a2200253 i 4500
005 20221122095517.0
008 221122s2022 my g 000 j may d
020 _a9789672635321
_cRM 28.00
_qpaperback
040 _aPPAK
_beng
_cPPAK
_erda
082 0 4 _a899.233010803
_223
090 0 0 _a899.233010803
_bJAN
_dG
090 2 0 _a899.233010803
_bJAN
_dKK
245 0 0 _aJanji Itu PASTI :
_bAntologi Cerpen bersama Novelis Hasreeyati Ramli.
_nEdisi Nov 2021 /
_cDISELENGGARA OLEH: HASREEYATI RAMLI
250 _aEdisi Nov 2021
264 1 _aSungai Petani, Kedah :
_bHASREEYATI RAMLI RESOURCES ,
_c2022.
300 _a258 pages ;
_c18 cm
336 _atext
_2rdacontent
337 _aunmediated
_2rdamedia
338 _avolume
_2rdacarrier
650 1 0 _aShort stories, Malay.
650 2 0 _aMalay fiction.
700 0 _aHasreeyati Ramli,
_eeditor.
942 _2ddc
_cB
999 _c190104
_d190104